000 00528cam a2200157 4500500
005 20260322014557.0
041 _afre
042 _adc
100 1 0 _aVerdu, Jacques
_eauthor
700 1 0 _aColin, Xavier
_eauthor
245 0 0 _aThree-dimensional macromolecular structures
260 _c2026.
500 _a12
786 0 _nPlastics and composites | - | 2026-03-04 | p. 12-12
856 4 1 _uhttps://stm.cairn.info/plastics-chemistry-and-physico-chemical-analysis--bdti42139210-am3045-page-12?lang=en&redirect-ssocas=7080
999 _c1790269
_d1790269